Guia de costos d'escoles municipals / [elaboració dels continguts: Oriol Amat, Pilar Soldevila i Montserrat Baixas] Oriol Amat, Pilar Soldevila i Montserrat Baixas]
ISBN:
84-7794-981-6
Descripción Física:
61 p. : taules ; 28 cm
Colección:
Guies metodològiques ; 6
Materias:
Escoles municipals -- Costos
MARC
| LEADER | 00000nam a2200000Ia 4500 | ||
|---|---|---|---|
| 001 | 16155 | ||
| 008 | 160829s2004 xx 000 0 cat d | ||
| 020 | |a 84-7794-981-6 | ||
| 080 | |a E-1-228 | ||
| 245 | |a Guia de costos d'escoles municipals / [elaboració dels continguts: |b Oriol Amat, Pilar Soldevila i Montserrat Baixas] | ||
| 260 | |a [Barcelona] : |b Diputació de Barcelona. Àrea d'Educació, |c 2004 | ||
| 300 | |a 61 p. : |b taules ; |c 28 cm | ||
| 490 | |a Guies metodològiques ; 6 | ||
| 590 | |a Bibliografia | ||
| 650 | |a Escoles municipals |x Costos |9 37288 | ||
| 700 | |a Amat Salas, Oriol |9 37289 | ||
| 700 | |a Baixas, Montserrat |9 37290 | ||
| 700 | |a Soldevila, Pilar |9 37291 | ||
| 710 | |a Barcelona (Catalunya : Província). |b Àrea d'Educació |9 8009 | ||
| 901 | |a Arxiu | ||
| 942 | |n 1 | ||
| 952 | |0 0 |1 0 |4 0 |6 E1228 |7 1 |9 47789 |a Arxiu |b Arxiu |d 2016-12-01 |l 0 |o E-1-228 |p 16155 |r 2016-12-01 00:00:00 |w 2016-12-01 |y ARXIU | ||
| 999 | |c 51588 |d 51588 | ||